000 01279nam0a22003251 4500
001 v19\rc\1681772
005 20260406061434.0
035 _a(NLR Aleph) 004787461
090 _a4695808
_c4695808
100 _a20061002d1896 |||y0rusy50 ca
101 0 _arus
102 _aRU
105 _ay z |||||
200 1 _aСвятогор, Вольга и Микула
_eПо сборникам Кирши-Данилова, Киреевского, Рыбникова и Гильфердинга
_fСост. В. и Л. Р-н
210 _aМосква
_cтип. Вильде
_d1896
215 _a36 с.
_d18
225 1 _aРусские народные былины
702 1 _aР-н
_bВ.
_4220
702 1 _aР-н
_bЛ.
_4220
702 0 _4100
_8rus
_7ca
_aКирша Данилов
_f18 в.
_3RU\NLR\AUTH\7711670
_9121411
702 1 _aКиреевский
_bП.В.
_f1808-1856
_gПетр Васильевич
_4100
702 1 _aРыбников
_bП.Н.
_f1831-1885
_gПавел Николаевич
_4100
702 1 _aГильфердинг
_bА.Ф.
_f1831-1872
_gАлександр Федорович
_4100
801 0 _aRU
_bNLR
_gpsbo
801 0 _aRU
_bRuMoRGB
_2psbo
801 1 _aRU
_bProSoft-M
_2rusmarc
852 _aNLR
_j20.98.3.407
942 _cBOOK
980 _aNB